000
00228nam a22000857a 4500
008
161207b xxu||||| |||| 00| 0 eng d
100
_9
1909
_a
Ulyanova. A
245
_a
Lenin's Boyhood and Adolescence
260
_a
Moscow
_b
Progress
_c
1986
999
_c
4676
_d
4676